Presupuestos : teoría y práctica / Raúl Andrés Cárdenas y Nápoles ; Rev. téc. José Luis Delgado Serrano, | Juan Manuel López Torres, Daniel Ayala Rodríguez (Record no. 31927)
[ view plain ]
| 000 -CABECERA | |
|---|---|
| campo de control de longitud fija | 01354nam a22002417a 4500 |
| 008 - LONGITUD FIJA | |
| campo de control de longitud fija | 140202b ck ||||| |||| 00| 0 spa d |
| 020 ## - INTERNATIONAL STANDARD BOOK NUMBER | |
| ISBN | 978-970-10-3552-8 -- 970-10-3532-6 |
| 100 1# - AUTOR PERSONAL | |
| nombre | Cárdenas y Nápoles, Raúl Andrés |
| 9 (RLIN) | 34536 |
| 245 10 - TÍTULO PROPIAMENTE DICHO | |
| título | Presupuestos : teoría y práctica / Raúl Andrés Cárdenas y Nápoles ; Rev. téc. José Luis Delgado Serrano, |
| 245 10 - TÍTULO PROPIAMENTE DICHO | |
| título | Juan Manuel López Torres, Daniel Ayala Rodríguez |
| 264 ## - PIE DE IMPRENTA | |
| lugar (ciudad) | México : McGraw Hill Interamericana, 2002 |
| 300 ## - DESCRIPCIÓN FÍSICA | |
| Extensión | xvi, 158 p. : il., cuadros y tablas ; 24 cm. +1 disquete |
| 505 00 - NOTA DE CONTENIDO | |
| Nota de contenido | Conceptos y clases de presupuestos -- Conceptos genéricos acerca de los presupuestos, su importancia y su |
| 505 00 - NOTA DE CONTENIDO | |
| Nota de contenido | estructura y elaboración -- El presupuesto maestro y los costos -- La importancia de los costos como base de |
| 505 00 - NOTA DE CONTENIDO | |
| Nota de contenido | la práctica presupuestal -- Diferentes enfoques del presupuesto -- Por áreas y niveles o centros de |
| 505 00 - NOTA DE CONTENIDO | |
| Nota de contenido | responsabilidad -- Flujos de caja -- Optimización de las cuentas por cobrar -- Presupuesto de capital -- |
| 505 00 - NOTA DE CONTENIDO | |
| Nota de contenido | Técnicas para su elaboración-- Costo de capital -- La informática y los presupuestos -- Las hojas electrónicas |
| 505 00 - NOTA DE CONTENIDO | |
| Nota de contenido | -- Bibliografía -- |
| 082 04 - CLASIFICACIÓN DECIMAL DEWEY | |
| Clasificación | 658.154 / C266p |
| 650 14 - MATERIA GENERAL | |
| Término de materia o nombre geográfico como elemento inicial | Presupuestos |
| 9 (RLIN) | 128432 |
| 650 14 - MATERIA GENERAL | |
| Término de materia o nombre geográfico como elemento inicial | Costos de produccion |
| 9 (RLIN) | 105067 |
| 650 14 - MATERIA GENERAL | |
| Término de materia o nombre geográfico como elemento inicial | Flujo de caja |
| 9 (RLIN) | 110880 |
No items available.